000 01421cam a2200253 i 4500
999 _c56786
_d56786
001 003141875
005 20190422201321.0
008 070703s2006 ru 000 | rus|d
020 _a5902416108
040 _aRuMoRKP
_brus
_dRuMoRGB
041 0 _arus
080 _a341(075.8)
084 _aХ919.151я73-1
_2rubbk
100 1 _aБатырь, Вячеслав Анатольевич
_9359
245 0 0 _aМеждународное гуманитарное право :
_bучебник /
_cВ. А. Батырь ; Междунар. юридический ин-т при М-ве юстиции Российской Федерации
260 _aМосква :
_bМеждунар. юридический ин-т при Минюсте России,
_c2006.
300 _a319 с. :
_bил., табл. ;
_c20 см.
504 _aБиблиогр.: с. 244-263
650 7 _aГосударство и право. Юридические науки -- Международное публичное право -- Война и международное право -- Защита жертв войны -- Учебник для высшей школы
_2rubbk
_9360
653 _aსამართალი
653 _aსაერთაშორისო ჰუმანიტარული სამართალი
852 _a2006329587
_bFB
_cBOOK
_d90
_e20070717
_f20180622
_gGNP
_j2 07-40/236
942 _2udc
_cBK